Statistiques concernant Toutes les Communes des Cantons de Caen (1-5) sur une carte

Cliquez ici pour prendre le quiz!

Statistiques générales

  • Ce quiz a été pris 99 fois
    (22 depuis la dernière actualisation)
  • Le résultat moyen est 7 sur 15

Réponses sur la Carte

Les réponses sont colorées sur une échelle allant du rouge au vert en fonction du pourcentage des utilisateurs qui les ont devinées à leur premier essai. Vous pouvez retrouver ces pourcentages ci-dessous.
 

Statistiques - réponses

Commune% Correct
Carpiquet
80%
Caen
67%
Fleury-sur-Orne
67%
Bretteville-sur-Odon
60%
Verson
60%
Épron
53%
Saint-Germain-la-Blanche-Herbe
53%
Louvigny
47%
Authie
40%
Saint-André-sur-Orne
40%
Saint-Contest
33%
Éterville
27%
Mouen
27%
Tourville-sur-Odon
20%
Villons-les-Buissons
13%

Distribution des résultats

Percentile par nombre de réponses

% des personnes avec chaque résultat

Votre développement - résultats

Vous n’avez pas pris ce quiz depuis la dernière actualisation